| 000 | 00505nam a22001817a 4500 | ||
|---|---|---|---|
| 005 | 20251108165927.0 | ||
| 008 | 250721s1999 xx 000 0 ara d | ||
| 082 | 1 | 4 | _a155.4/عبد |
| 100 | 1 | _aعبد اللطيف، فاتن | |
| 245 | 1 | 0 | _aنمو الطفل و التعبير الفني / |
| 264 |
_bالمكتب العلمي، _c1999. |
||
| 300 | _a136ص | ||
| 650 | 1 | 7 | _aنمو الطفل |
| 650 | 1 | 7 | _aالإبداع الفني |
| 650 | 1 | 7 | _aالتعبير |
| 942 |
_2ddc _cBK |
||
| 999 |
_c35036 _d35036 |
||